| 000 | 01166nam a22002657a 4500 | ||
|---|---|---|---|
| 005 | 20170124103048.0 | ||
| 010 | _aB-073585 | ||
| 020 |
_c150.00 _a818513409 |
||
| 035 | _aB-073585 | ||
| 037 | _bCen Lib/Ret | ||
| 040 |
_aDPL _bHN |
||
| 082 |
_aक _bभारती |
||
| 100 |
_a _969859 |
||
| 245 |
_aभारतीय शिखर कथा कोश : _cसंपादक कमलेश्वर _bकश्मीरी कहानियां / |
||
| 246 |
_aBhartiyta shikhar katha kosh : kashmiri kahaniyan / _bsampadak Kamleshwar |
||
| 260 |
_aनई दिल्ली _bपुस्तकायन _c2002 |
||
| 270 |
_a2/4240 ए, अंसारी रोड, दरियागंज _bनई दिल्ली _e110002 |
||
| 300 |
_a200पृ. _c21सेमी (सजिल्द) |
||
| 650 |
_a हिन्दी साहित्य _969860 |
||
| 650 |
_a हिन्दी साहित्य --लघु कथाएँ _954925 |
||
| 650 |
_aHindi literature _969861 |
||
| 650 |
_aHindi literature --Short Stories _969862 |
||
| 700 |
_aकमलेश्वर _969863 |
||
| 942 |
_2ddc _cHN _hक _mभारती |
||
| 999 |
_c117060 _d117060 |
||